| 000 | 00979cam a22002414a 4500 | ||
|---|---|---|---|
| 999 |
_c233436 _d233436 |
||
| 001 | 15827369 | ||
| 003 | Nust | ||
| 005 | 20170307155942.0 | ||
| 008 | 090721r20091997ilu 000 1 eng | ||
| 010 | _a 2009029229 | ||
| 020 | _a9780747257837 | ||
| 040 |
_aDLC _cDLC _dDLC |
||
| 050 | 0 | 0 |
_aPR6063.A395 _bP47 2009 |
| 082 | 0 | 0 |
_a823.914 _bMAN |
| 100 | 1 | _aMansell, Jill. | |
| 245 | 1 | 0 |
_aPerfect timing / _cJill Mansell. |
| 260 |
_aNaperville, IL : _bSourcebooks Landmark, _c2009. |
||
| 300 |
_a406 p. ; _c21 cm. |
||
| 500 | _aOriginally published: London : Headline Book Pub., 1997. | ||
| 650 |
_aHumorous stories _xFiction |
||
| 655 | 0 | _aChick lit. | |
| 655 | 7 |
_aLove stories. _2gsafd |
|
| 906 |
_a7 _bcbc _corignew _d1 _eecip _f20 _gy-gencatlg |
||
| 942 |
_2ddc _cBK |
||